Un autistico in famiglia (Record n. 336559)

Dettagli MARC
000 -LEADER
campo di controllo lung. fissa nam a22 7a 4500
003 - Identificatore del numero di controllo
campo di controllo IT-MiCISF
005 - Data e orario dell'ultima transazione
campo di controllo 20170403121732.0
008 - Elementi di lunghezza fissa--Informazione generale
campo di controllo lung. fissa 170403b xxu||||| |||| 00| 0 eng d
040 ## - Fonte della catalogazione
Agenzia che fa la trascrizione IT-MiCISF
041 ## - Codice di lingua
Codice di lingua del testo/traccia sonora o titolo separato IT
100 ## - Accesso principale -- nome di persona
Nome di persona Mazzone Luigi
9 (RLIN) 56331
245 ## - Formulazione del titolo
Titolo Un autistico in famiglia
Complemento del titolo Le risposte ai problemi quotidiani dei genitori di ragazzi autistici
260 ## - Pubblicazione, distribuzione, ecc. (stampa)
Luogo di pubblicazione, distribuzione, ecc. Milano
Nome dell'editore, distributore, ecc. Mondadori
Data di pubblicazione, distribuzione, ecc. 2015
300 ## - Descrizione fisica
Estensione pp. XI-134
500 ## - Nota generale
Nota generale handicap, famiglia-con-handicap, disturbi-sviluppo, tecniche-terapeutiche, scuola, educazione-genitori
501 ## - Nota
Nota Prefazione di Nicoletti G.
520 ## - Riassunto, ecc.
Nota di riassunto, ecc. L’autismo è una delle emergenze sanitarie più importanti dell’ultimo decennio (oggi è la prima causa di handicap in Italia), eppure i genitori sono spesso lasciati senza una guida reale, che fornisca i consigli adeguati per affrontare prima il peso di una diagnosi non facile da accettare e successivamente il percorso di crescita del loro figlio/a autistico. Questo libro vuole essere un agile e pratico prontuario per aiutare padri e madri a scegliere il percorso di cura più adeguato da seguire, ma anche ad affrontare piccole problematiche come i pasti e il sonno, a gestire le ritualità e gli interessi ristretti dei loro bambini, a controllarne i momenti di agitazione e aggressività. E, ancora, l’inserimento a scuola e la scelta di un’attività sportiva idonea; la sessualità in fase adolescenziale e in età adulta.
650 ## - Accesso aggiunto di soggetto--termine topico
Termine topico o nome geografico come accesso handicap
9 (RLIN) 56194
654 ## - Accesso aggiunto di soggetto--termini topici faccettati
Termine principale manuale
942 ## - Dati aggiuntivi (Koha)
Fonte della classificazione o dello schema di collocazione (segnatura) Dewey Decimal Classification
Tipo copia default (Koha) LIBRO
Dati di copia
Ritirato (status) Perso (status) Fonte della classificazione o dello schema di collocazione (segnatura) Danneggiato (status) Non per il presito Biblioteca proprietaria Biblioteca in cui si trova Data d'acquisizione Totale prestiti Collocazione Data ultima operazione Prezzo in vigore dal Tipo copia default (Koha)
    Dewey Decimal Classification Buone Condizioni Not For Loan CISF - Milano CISF - Milano 03/04/2017   b7266 03/04/2017 03/04/2017 LIBRO
CREDITS: SOCIETA' SAN PAOLO Via A.Severo, 58 - ROMA (RM) & PERIODICI SAN PAOLO SRL Via Giotto, 36 MILANO & CISF Via Giotto, 36 MILANO & EDIZIONI SAN PAOLO SRL,  Piazza Soncino, 5 CINISELLO BALSAMO (MI) -- ITALY